Loading...
| Social Science | 0 | 4 | 0 | 0 | 40 | 57 | 77.50 | 1 | 1 | 0.00 | 0.00 |
| History - European | 0 | 4 | 0 | 0 | 40 | 83 | 96.25 | 0 | 1 | 0.00 | 0.00 |
| Science - Other | 0 | 3 | 0 | 0 | 30 | 27 | 67.67 | 0 | 2 | 0.00 | 0.00 |
| History - Other | 0 | 2 | 0 | 1 | 20 | 75 | 94.50 | 0 | 1 | 0.00 | 0.00 |
| History - World | 0 | 2 | 0 | 0 | 20 | 63 | 79.50 | 0 | 2 | 0.00 | 0.00 |
| Fine Arts - Other | 0 | 2 | 0 | 0 | 20 | 48 | 83.00 | 1 | 1 | 0.00 | 0.00 |
| Geography/Current Events | 0 | 2 | 0 | 0 | 20 | 44 | 57.50 | 0 | 2 | 0.00 | 0.00 |
| History - American | 0 | 2 | 0 | 1 | 20 | 92 | 107.50 | 0 | 0 | 0.00 | 0.00 |
| Religion | 0 | 2 | 0 | 0 | 20 | 73 | 85.00 | 0 | 1 | 0.00 | 0.00 |
| Science - Chemistry | 0 | 2 | 0 | 0 | 20 | 90 | 93.50 | 0 | 1 | 0.00 | 0.00 |
| Literature - American | 0 | 1 | 0 | 1 | 10 | 147 | 147.00 | 0 | 0 | 0.00 | 0.00 |
| Fine Arts - Visual | 0 | 1 | 0 | 0 | 10 | 129 | 129.00 | 0 | 0 | 0.00 | 0.00 |
| Literature - European | 0 | 1 | 0 | 0 | 10 | 123 | 123.00 | 0 | 0 | 0.00 | 0.00 |
| Philosophy | 0 | 0 | 0 | 0 | 0 | 0.00 | 0 | 0 | 0.00 | 0.00 | |
| Literature - World/Other | 0 | 0 | 0 | 0 | 0 | 0.00 | 0 | 0 | 0.00 | 0.00 |